Nommez un pays valide - Aléatoire - Statistiques

Statistiques générales
  • Ce quiz a été pris 21 138 fois
  • Le résultat moyen est 12 sur 20
Statistiques - réponses
Nommez un pays... Pays % Correct
commençant par F Fidji | Finlande | France
91%
commençant par Z Zambie | Zimbabwe
91%
qui contient le mot "Sud" Afrique du Sud | Corée du Sud | Soudan du Sud
90%
du Maghreb Algérie | Libye | Maroc | Mauritanie | Tunisie
90%
accueillant l'un des trois grands tours de cyclisme Espagne | France | Italie
90%
qui termine en "stan" Afghanistan | Kazakhstan | Kirghizistan | Ouzbékistan | Pakistan | Tadjikistan | Turkménistan
89%
ayant le portugais comme langue officielle (hors Portugal) Angola | Brésil | Cap-Vert | Guinée-Bissau | Guinée équatoriale | Mozambique | Sao Tomé-et-Principe
89%
africain bordant la mer Méditerranée Algérie | Égypte | Libye | Maroc | Tunisie
88%
ayant un coq pour animal national Belgique | France | Pérou | Portugal
88%
ayant la livre pour monnaie Égypte | Liban | Royaume-Uni | Soudan | Soudan du Sud | Syrie | Turquie
88%
avec "uni" dans son nom Émirats arabes unis | États-Unis | Royaume-Uni | Tunisie
88%
commençant par O Oman | Ouganda | Ouzbékistan
88%
commençant par V Vanuatu | Vatican | Venezuela | Viêt Nam
88%
frontalier des Pays-Bas Allemagne | Belgique | France
87%
où siège au moins l'une des institutions de l'Union européenne Allemagne | Belgique | France | Luxembourg | Pays-Bas
87%
à la fois en Europe et en Asie géographiques Azerbaïdjan | Géorgie | Kazakhstan | Russie | Turquie
87%
qui a plus de 100 milliards de dollars de dépenses militaires annuellement Chine | États-Unis | Russie
87%
avec plus d'un milliard d'habitants Chine | Inde
87%
commençant par D Danemark | Djibouti | Dominique
87%
plus visité que les États-Unis Espagne | France
87%
accueillant l'une des 4 capitales de la mode États-Unis | France | Italie | Royaume-Uni
87%
avec plus de 10 fuseaux horaires sur son territoire États-Unis | France | Russie
87%
avec du territoire dans le massif du Jura France | Suisse
87%
commençant par J Jamaïque | Japon | Jordanie
87%
commençant par "République" République centrafricaine | République démocratique du Congo | République dominicaine | République du Congo | République tchèque
87%
commençant par U Ukraine | Uruguay
87%
avec du territoire dans le massif des Alpes Allemagne | Autriche | France | Hongrie | Italie | Liechtenstein | Monaco | Slovénie | Suisse
86%
traversé par le Rhin Allemagne | Autriche | France | Liechtenstein | Pays-Bas | Suisse
86%
s'étendant sur plus d'un tiers de son continent Australie | Brésil | Canada | États-Unis | Russie
86%
avec plus de 5000km de pistes de ski alpin Autriche | États-Unis | France | Italie | Suisse
86%
traversé par l'Amazone Brésil | Colombie | Pérou
86%
ayant comme sport le plus populaire le hockey sur glace Canada | Finlande | Lettonie | Slovaquie
86%
produisant plus de 50kg de vin par an par habitant Chili | Espagne | France | Italie | Nouvelle-Zélande | Portugal
86%
où s'est rendu Kim Jong-un (hors Corée du Nord) Chine | Corée du Sud | Japon | Russie | Singapour | Suisse | Viêt Nam
86%
commençant par H Haïti | Honduras | Hongrie
86%
ayant remporté plusieurs fois la Coupe du monde de football masculine (communément accepté) Allemagne | Argentine | Brésil | France | Italie | Uruguay
85%
ayant accueilli sur son territoire les Jeux Olympiques d'été et d'hiver Allemagne | Canada | Chine | Corée du Sud | États-Unis | France | Italie | Japon | Russie
85%
affronté par la France en finale de Coupe du monde de football masculine Argentine | Brésil | Croatie | Italie
85%
ayant le peso pour monnaie Argentine | Chili | Colombie | Cuba | Mexique | Philippines | République dominicaine | Uruguay
85%
terminant par -lie Australie | Italie | Mongolie | Somalie
85%
où se sont rendus plus de 40 fois les présidents des États-Unis (hors États-Unis) Canada | France | Royaume-Uni
85%
où a été localisé l'épicentre d'un séisme de magnitude 9 ou plus Chili | États-Unis | Indonésie | Japon | Russie
85%
ayant au moins 4 joueurs d'échecs dans le top 50 mondial Chine | États-Unis | Inde | Ouzbékistan | Russie
85%
avec "Guinée" dans son nom (hors Guinée) Guinée-Bissau | Guinée équatoriale | Papouasie-Nouvelle-Guinée
85%
avec au moins un croissant de lune et une étoile sur son drapeau Algérie | Azerbaïdjan | Comores | Croatie | Libye | Malaisie | Mauritanie | Moldavie | Népal | Ouzbékistan | Pakistan | Singapour | Tunisie | Turkménistan | Turquie
84%
pour qui le couscous est inscrit au patrimoine culturel immatériel de l'UNESCO Algérie | Maroc | Mauritanie | Tunisie
84%
étant membre fondateur de la Communauté économique européenne (CEE) Allemagne | Belgique | France | Italie | Luxembourg | Pays-Bas
84%
avec plus d'1 million de personnes parlant russe (hors Russie) Allemagne | Biélorussie | États-Unis | Israël | Kazakhstan | Ukraine
84%
ayant perdu plus de 10% de sa population durant la Seconde Guerre mondiale (hors URSS de 1939) Allemagne | Lettonie | Lituanie | Nauru | Pologne | Timor oriental
84%
avec du territoire dans le massif des Pyrénées Andorre | Espagne | France
84%
ayant au moins 50 espèces venimeuses Australie | Brésil | Colombie | Inde | Indonésie | Mexique | Viêt Nam
84%
avec le drapeau du Royaume-Uni présent sur son propre drapeau (hors Royaume-Uni) Australie | Fidji | Nouvelle-Zélande | Tuvalu
84%
avec une superficie de plus de 9 millions de km² Canada | Chine | États-Unis | Russie
84%
avec plus de 5 millions de millionaires Chine | États-Unis
84%
commençant par "Côte" dans n'importe quelle langue Costa Rica | Côte d'Ivoire
84%
avec au moins 15 restaurants 3 étoiles au guide Michelin (hors France) Espagne | Italie | Japon
84%
étant une cité-état Monaco | Singapour | Vatican
84%
où se trouve le désert du Sahara Algérie | Égypte | Libye | Mali | Maroc | Mauritanie | Niger | Soudan | Tchad | Tunisie
83%
ayant plus de 50 sites inscrits au patrimoine mondial de l'UNESCO Allemagne | Chine | Espagne | France | Italie
83%
finissant par -gne Allemagne | Espagne | Pologne
83%
ayant l'allemand comme langue officielle (hors Allemagne) Autriche | Belgique | Liechtenstein | Luxembourg | Suisse
83%
ayant le russe comme langue officielle (hors Russie) Biélorussie | Kazakhstan | Kirghizistan
83%
avec "état" dans son nom États fédérés de Micronésie | États-Unis
83%
qui est la nationalité d'au moins l'un des 10 hommes les plus rapides sur 100m États-Unis | Jamaïque | Kenya
83%
avec "Nouvelle" dans son nom Nouvelle-Zélande | Papouasie-Nouvelle-Guinée
83%
bordant la mer du Nord Allemagne | Belgique | Danemark | France | Norvège | Pays-Bas | Royaume-Uni
82%
ayant vu un monarque y régner pendant plus de 70 ans Australie | Canada | France | Liechtenstein | Nouvelle-Zélande | Royaume-Uni | Thaïlande
82%
frontalier du Liechtenstein Autriche | Suisse
82%
avec plus de 90% de rouge sur son drapeau Chine | Kirghizistan | Maroc | Turquie | Tunisie | Viêt Nam
82%
de 4 lettres Cuba | Inde | Irak | Iran | Laos | Mali | Oman | Togo
82%
ayant le même nom que sa capitale Djibouti | Guatemala | Koweït | Luxembourg | Monaco | Panama | Saint-Marin | Singapour | Vatican
82%
ayant une langue du groupe hindoustani (hindi, ourdou) officielle Fidji | Inde | Pakistan
82%
avec du territoire dans le massif de l'Himalaya Afghanistan | Bhoutan | Birmanie | Chine | Inde | Népal | Pakistan
81%
ayant remporté plusieurs fois la Coupe du monde de rugby masculine Afrique du Sud | Australie | Nouvelle-Zélande
81%
ayant remporté plus de 400 médailles d'or aux Jeux Olympiques Allemagne | États-Unis
81%
qui contient le mot "Nord" Corée du Nord | Macédoine du Nord
81%
scandinave Danemark | Norvège | Suède
81%
côtier du détroit de Gibraltar Espagne | Maroc | Royaume-Uni
81%
ayant une ville ayant accueilli plusieurs fois les Jeux Olympiques d'été États-Unis | France | Grèce | Japon | Royaume-Uni
81%
ayant remporté l'Eurovision au moins 5 fois France | Irlande | Luxembourg | Pays-Bas | Royaume-Uni | Suède
81%
avec une superficie de moins de 50 km² Monaco | Nauru | Tuvalu | Vatican
81%
qui se trouve dans l'acronyme BRICS Afrique du Sud | Brésil | Chine | Inde | Russie
80%
en Amérique centrale Belize | Costa Rica | Guatemala | Honduras | Nicaragua | Panama | Salvador
80%
frontalier de la France via ses territoires d'outre-mer Brésil | Pays-Bas | Suriname
80%
ayant été frappé par plus de 100 ouragans depuis 1970 Chine | États-Unis | Japon | Mexique | Philippines
80%
ayant au moins une agglomération de plus de 35 millions d'habitants Chine | Inde | Japon
80%
ayant pour point culminant le Mont Olympe Chypre | Grèce
80%
qui est un île de la mer Méditerranée Chypre | Malte
80%
côtier du détroit d'Ormuz Émirats arabes unis | Iran | Oman
80%
produisant plus de 100 000 tonnes d'huile d'olive par an Espagne | Grèce | Italie | Maroc | Portugal | Syrie | Tunisie | Turquie
80%
ayant comme sport le plus populaire le rugby Fidji | Madagascar | Nouvelle-Zélande | Papouasie-Nouvelle-Guinée | Samoa | Tonga
80%
frontalier de l'Albanie Grèce | Kosovo | Macédoine du Nord | Monténégro
80%
ayant remporté la Coupe du monde de football féminine Allemagne | Espagne | États-Unis | Japon | Norvège
79%
mentionné pleinement ou sous forme dérivée durant l'appel du 18 juin du général de Gaulle Allemagne | États-Unis | France | Royaume-Uni
79%
ayant un gratte-ciel de plus de 600m de haut Arabie saoudite | Chine | Émirats arabes unis | Malaisie
79%
frontalier du Guyana Brésil | Suriname | Venezuela
79%
avec une altitude maximale supérieure à 8000m Chine | Inde | Népal | Pakistan
79%
ne reconnaissant pas la Corée du Nord Corée du Sud | Estonie | États-Unis | France | Japon
79%
de Laponie Finlande | Norvège | Russie | Suède
79%
commençant par "Saint" dans n'importe quelle langue Saint-Christophe-et-Niévès | Sainte-Lucie | Saint-Marin | Saint-Vincent-et-les-Grenadines | Sao Tomé-et-Principe
79%
membre du G7 Allemagne | Canada | États-Unis | France | Italie | Japon | Royaume-Uni
78%
ayant un jour accueilli la plus haute construction du monde (hors actuelle) Allemagne | Égypte | États-Unis | France | Pologne | Royaume-Uni | Turquie
78%
frontalier de la Jordanie Arabie saoudite | Irak | Israël | Syrie
78%
ayant une capitale commençant par O Burkina Faso | Canada | Mongolie | Norvège
78%
avec un PIB (PPA) supérieur à 10 billions de dollars Chine | États-Unis | Inde
78%
dont le drapeau n'est que bleu et jaune Kazakhstan | Palaos | Suède | Ukraine
78%
d'où sont originaires au moins 2 papes (hors Italie/Vatican) Allemagne | Croatie | Espagne | France | Grèce | Israël | Syrie | Turquie
77%
avec une espérance de vie supérieure à 84 ans Andorre | Corée du Sud | Japon | Monaco | Saint-Marin
77%
avec des fjords Argentine | Canada | Chili | Danemark | États-Unis | Finlande | France | Irlande | Islande | Norvège | Nouvelle-Zélande | Royaume-Uni | Russie | Suède
77%
ayant remporté plus de médailles d'or aux Jeux Olympiques d'hiver que d'été Autriche | Canada | Norvège | Suisse
77%
produisant plus de la moitié de son électricité grâce au nucléaire Belgique | France | Slovaquie | Ukraine
77%
où se situe l'une des "7 nouvelles merveilles du monde" Brésil | Chine | Inde | Italie | Jordanie | Mexique | Pérou
77%
dont le drapeau n'est que blanc, orange et vert Chypre | Côte d'Ivoire | Irlande | Niger
77%
asiatique bordant la mer Méditerranée Chypre | Israël | Liban | Syrie | Turquie
77%
membre du Conseil nordique Danemark | Finlande | Islande | Norvège | Suède
77%
où se situe au moins l'une des 7 Merveilles du monde antique Égypte | Grèce | Irak | Turquie
77%
avec une capitale de 4 lettres Fidji | Italie | Lettonie | Maldives | Norvège | Pérou | Qatar | Samoa | Timor oriental | Togo | Ukraine
77%
avec plus de 3/4 de blanc sur son drapeau Afghanistan | Chypre | Corée du Sud | Japon
76%
débutant et terminant par la même lettre Angola | Antigua-et-Barbuda | Égypte | Erythrée | Espagne | Estonie | États fédérés de Micronésie | Éthiopie | Saint-Christophe-et-Niévès | Saint-Vincent-et-les-Grenadines | Seychelles
76%
avec au moins 2/3 de vert sur son drapeau Arabie saoudite | Bangladesh | Brésil | Nigeria | Pakistan | Turkménistan | Zambie
76%
produisant plus de 40l de pétrole/habitant par jour Arabie saoudite | Brunei | Émirats arabes unis | Guyana | Koweït | Norvège | Oman | Qatar
76%
frontalier du Yémen Arabie saoudite | Oman
76%
dont une partie du territoire a appartenu à l'Empire inca Argentine | Bolivie | Chili | Colombie | Équateur | Pérou
76%
avec au moins 1/3 d'orange sur son drapeau Arménie | Bhoutan | Côte d'Ivoire | Inde | Irlande | Niger
76%
ayant fait partie de la Yougoslavie Bosnie-Herzégovine | Croatie | Kosovo | Macédoine du Nord | Monténégro | Serbie | Slovénie
76%
finissant par O Burkina Faso | Kosovo | Lesotho | Monaco | Monténégro | République démocratique du Congo | République du Congo | Togo | Trinité-et-Tobago
76%
ayant du territoire sur au moins 4 des 100 plus grandes îles du monde Canada | États-Unis | Indonésie | Japon | Papouasie-Nouvelle-Guinée | Philippines | Royaume-Uni | Russie
76%
avec strictement plus de 10 pays frontaliers Chine | France | Russie
76%
ayant un drapeau avec plus de 10 bandes États-Unis | Liberia | Malaisie
76%
ayant reçu plus de 10 fois l'Oscar du meilleur film international France | Italie
76%
bordant le lac Léman France | Suisse
76%
enclavé en Amérique du Sud Bolivie | Paraguay
75%
ayant du territoire sur au moins 5 des 200 plus grandes îles du monde Brésil | Canada | Chili | Danemark | États-Unis | Indonésie | Philippines | Royaume-Uni | Russie
75%
traversé par le cercle arctique Canada | Danemark | États-Unis | Finlande | Islande | Norvège | Russie | Suède
75%
ayant une température moyenne inférieure à 0°C Canada | Russie
75%
ayant le dirham pour monnaie Émirats arabes unis | Maroc
75%
avec moins de 20 000 habitants Nauru | Palaos | Tuvalu | Vatican
75%
dont l'agglomération de la capitale est plus peuplée qu'au moins 3 de ses pays frontaliers Afrique du Sud | Arabie saoudite | Argentine | Brésil | Chine | France | Iran | Italie | République démocratique du Congo | Russie | Sénégal
74%
à avoir légalisé le mariage homosexuel avant 2010 Afrique du Sud | Belgique | Canada | Espagne | Norvège | Pays-Bas | Suède
74%
ayant un parti politique unique Chine | Corée du Nord | Cuba | Érythrée | Laos | Turkménistan | Viêt Nam
74%
qui est la nationalité d'au moins l'une des 10 femmes les plus rapides sur 100m Côte d'Ivoire | États-Unis | Jamaïque | Sainte-Lucie
74%
avec une Zone Économique Exclusive (ZEE) supérieure à 10 millions de km² États-Unis | France
74%
avec plus d'hispanophones qu'en Espagne États-Unis | Mexique
74%
pour qui la mécanique horlogère est inscrite au patrimoine culturel immatériel de l'UNESCO France | Suisse
74%
enclavé dans un autre pays Lesotho | Saint-Marin | Vatican
74%
parmi les 3 premiers alphabétiquement Afghanistan | Afrique du Sud | Albanie
73%
ayant été membre fondateur du Commonwealth (hors Royaume-Uni) Afrique du Sud | Australie | Canada | Irlande | Nouvelle-Zélande
73%
avec le mot "et" dans son nom Antigua-et-Barbuda | Saint-Christophe-et-Niévès | Saint-Vincent-et-les-Grenadines | Sao Tomé-et-Principe | Trinité-et-Tobago
73%
ayant une capitale commençant par R Arabie saoudite | Dominique | Islande | Italie | Lettonie | Maroc
73%
avec du territoire dans le massif des Andes Argentine | Bolivie | Chili | Colombie | Équateur | Pérou | Venezuela
73%
commençant par B, tout comme sa capitale Barbade | Belgique | Belize | Brésil | Brunei
73%
ayant un athlète courant le marathon en 2h03 ou moins Éthiopie | Kenya | Ouganda | Tanzanie
73%
avec un PIB/habitant supérieur à 100 000 $ Guyana | Irlande | Liechtenstein | Luxembourg | Monaco | Norvège | Qatar | Singapour
73%
membre de l'espace Schengen sans faire partie de l'Union européenne Islande | Liechtenstein | Norvège | Suisse
73%
ayant l'italien comme langue officielle (hors Italie) Saint-Marin | Suisse | Vatican
73%
où les présidents français de la Vème République se sont rendus plus de 80 fois Allemagne | Belgique
72%
dont une partie du territoire a appartenu à la civilisation maya Belize | Guatemala | Honduras | Mexique | Salvador
72%
avec une capitale de moins de 10 000 habitants (hors Vatican) États fédérés de Micronésie | Grenade | Liechtenstein | Malte | Nauru | Palaos | Saint-Marin | Tuvalu
72%
ayant une langue officielle qui a un sens d'écriture à l'origine vertical Algérie | Chine | Corée du Nord | Corée du Sud | Irlande | Japon | Mali | Maroc | Mongolie | Singapour | Taïwan
71%
majoritairement dans la péninsule ibérique Andorre | Espagne | Portugal
71%
de la péninsule indochinoise Birmanie | Cambodge | Laos | Malaisie | Singapour | Thaïlande | Viêt Nam
71%
américain traversé par l'équateur Brésil | Colombie | Équateur
71%
insulaire en mer Méditerranée Chypre | Malte
71%
finissant par U Guinée-Bissau | Nauru | Pérou | Tuvalu | Vanuatu
71%
possédant une île peuplée de plus de 100 millions d'habitants Indonésie | Japon
71%
avec plus de 30% de la population ayant plus de 65 ans Japon | Monaco
71%
signataire du pacte de Varsovie Albanie | Bulgarie | Hongrie | Pologne | Roumanie
70%
ayant le dinar pour monnaie Algérie | Bahreïn | Irak | Jordanie | Koweït | Libye | Serbie | Tunisie
70%
dont le drapeau n'est que jaune, noir et rouge Allemagne | Angola | Belgique
70%
bordant la mer Baltique Allemagne | Danemark | Estonie | Finlande | Lettonie | Lituanie | Pologne | Russie | Suède
70%
ayant des prétentions territoriales en Antarctique Argentine | Australie | Chili | France | Nouvelle-Zélande | Norvège | Royaume-Uni
70%
avec du territoire dans le sous-continent indien (hors Inde) Bangladesh | Birmanie | Bhoutan | Maldives | Pakistan | Népal | Sri Lanka
70%
du Benelux Belgique | Luxembourg | Pays-Bas
70%
avec un W dans son nom Botswana | Eswatini | Koweït | Malawi | Rwanda | Taïwan | Zimbabwe
70%
avec plus de 100 millions de vaches Brésil | Inde
70%
frontalier du Bénin Burkina Faso | Niger | Nigeria | Togo
70%
ni en Afrique ni en Europe où au moins 1/4 de la population parle français Canada | Haïti | Liban | Vanuatu
70%
ayant subi une éruption volcanique sur son territoire causant au moins 10 000 morts Colombie | France | Indonésie | Islande | Japon | Pérou | Salvador | Vanuatu
70%
avec une dette publique par habitant supérieure à 50 000 dollars (en parité de pouvoir d'achat) France | Grèce | Japon | Qatar | Singapour
70%
avec au moins une croix rouge sur son drapeau Géorgie | Islande | Malte | Royaume-Uni | Tonga
70%
commençant par "Îles" Îles Marshall | Îles Salomon
70%
avec une lettre de début unique parmi tous les pays Qatar | Yémen
70%
seul hôte d'une Coupe du Monde de football masculine sans jamais en avoir gagné une Afrique du Sud | Chili | États-Unis | Mexique | Qatar | Russie | Suède | Suisse
69%
avec un aigle sur son drapeau Albanie | Égypte | Kazakhstan | Mexique | Moldavie | Monténégro | Serbie | Zambie | Zimbabwe
69%
ayant accueilli sur son territoire la capitale de la France ou du royaume des Francs (hors France) Algérie | Allemagne | Belgique | République du Congo
69%
ayant une langue berbère comme langue officielle Algérie | Mali | Maroc
69%
n'ayant que des A comme voyelle Bahamas | Canada | Ghana | Kazakhstan | Madagascar | Panama | Qatar | Rwanda | Tchad
69%
traversé par le Mékong Birmanie | Cambodge | Chine | Laos | Thaïlande | Viêt Nam
69%
avec au moins 50 chutes de météorite observées sur son territoire Chine | États-Unis | France | Inde | Russie
69%
insulaire et au sein de l'Union européenne Chypre | Irlande | Malte
69%
du Proche-Orient dans sa délimitation la plus stricte Égypte | Irak | Israël | Jordanie | Liban | Syrie | Turquie
69%
frontalier de Djibouti Érythrée | Éthiopie | Somalie
69%
avec un taux de fécondité supérieur à 5 enfants par femme Mali | Niger | République centrafricaine | République démocratique du Congo | Somalie | Tchad
69%
avec plus d'un million d'habitants indiens ou d'origine indienne (hors Inde, Bangladesh et Pakistan) Afrique du Sud | Arabie saoudite | Birmanie | Canada | Émirats arabes unis | États-Unis | Koweït | Malaisie | Oman | Royaume-Uni
68%
avec un croissant de lune rouge sur son drapeau Algérie | Brunei | Iran | Tunisie
68%
traversé par le méridien de Greenwich (hors Royaume-Uni) Algérie | Burkina Faso | Espagne | France | Ghana | Mali | Togo
68%
revendiquant le Cachemire Chine | Inde | Pakistan
68%
non-européen et visité par Astérix Égypte | États-Unis | Inde | Irak | Iran | Israël | Liban | Tunisie
68%
dont le drapeau n'est que bleu et blanc États fédérés de Micronésie | Finlande | Grèce | Honduras | Israël | Somalie
68%
africain traversé par l'équateur Gabon | Kenya | Ouganda | République démocratique du Congo | République du Congo | Sao Tomé-et-Principe | Somalie
68%
avec au moins 2 capitales de valide sur JetPunk Afrique du Sud | Bénin | Bolivie | Burundi | Indonésie | Israël | Palaos
67%
ayant une ville ayant accueilli plusieurs fois les Jeux Olympiques d'hiver Autriche | États-Unis | Suisse
67%
membre de la Communauté d'Afrique de l'Est Burundi | Kenya | Ouganda | République démocratique du Congo | Rwanda | Somalie | Soudan du Sud | Tanzanie
67%
au moins 2,5 fois plus haut que large Chili | Portugal | Togo
67%
ayant obtenu l'arme nucléaire il y a moins de 50 ans Corée du Nord | Inde | Pakistan
67%
avec du territoire au-dessus de la latitude 80°N Danemark | Canada | Norvège | Russie
67%
membre de l'Union européenne mais pas dans la zone euro Danemark | Hongrie | Pologne | République tchèque | Roumanie | Suède
67%
d'une des nationalités du chanteur Mika États-Unis | Liban | Royaume-Uni
67%
ayant une capitale commençant par W États-Unis | Namibie | Nouvelle-Zélande
67%
bordant la mer Égée Grèce | Turquie
67%
avec une capitale commençant par C Afrique du Sud | Australie | Danemark | Égypte | Guinée | Moldavie | Sainte-Lucie | Venezuela
66%
entièrement dans les Balkans Albanie | Bosnie-Herzégovine | Bulgarie | Grèce | Kosovo | Macédoine du Nord | Monténégro
66%
avec une altitude moyenne supérieure à 2000m Bhoutan | Kirghizistan | Lesotho | Népal | Tadjikistan
66%
finissant par L Brésil | Îles Marshall | Israël | Népal | Portugal | Sénégal | Timor oriental
66%
ayant au moins 20 volcans actifs (depuis 1960) États-Unis | Indonésie | Japon | Russie
66%
devenu indépendant en 1962 Algérie | Burundi | Jamaïque | Ouganda | Rwanda | Samoa | Trinité-et-Tobago
65%
membre de l'Union économique eurasiatique Arménie | Biélorussie | Kazakhstan | Kirghizistan | Russie
65%
avec un double S dans son nom Biélorussie | Guinée-Bissau | Russie | Suisse
65%
bordant la mer Noire Bulgarie | Géorgie | Roumanie | Russie | Turquie | Ukraine
65%
situé au moins en partie dans la Corne de l'Afrique Djibouti | Érythrée | Éthiopie | Somalie
65%
frontalier du Belize Guatemala | Mexique
65%
ayant la roupie pour monnaie Inde | Indonésie | Maldives | Maurice | Népal | Pakistan | Seychelles | Sri Lanka
65%
ayant le mandarin comme langue officielle (hors Chine) Singapour | Taïwan
65%
ayant un aigle pour animal national Albanie | Allemagne | Arménie | Égypte | Kosovo | Mali | Mexique | Nigeria | Panama | Philippines | Russie | Serbie
64%
dont l'une des villes est citée dans le nom d'une station de métro parisienne (hors France) Allemagne | Autriche | Belgique | Irak | Italie | République tchèque | Russie | Ukraine
64%
dont le drapeau comporte au moins une arme Angola | Arabie saoudite | Barbade | Eswatini | Guatemala | Haïti | Kenya | Malte | Mozambique | Oman | Sri Lanka
64%
ayant un dragon pour animal national Arménie | Chine | Indonésie | Viêt Nam
64%
avec au moins la moitié de jaune sur son drapeau Brunei | Ukraine | Vatican | Venezuela
64%
ayant au moins 10 îles de plus de 10 000km² Canada | Indonésie
64%
dans les Grandes Antilles Cuba | Haïti | Jamaïque | République dominicaine
64%
ayant la couronne pour monnaie Danemark | Islande | Norvège | République tchèque | Suède
64%
ayant vu son gouvernement chuter lors du printemps arabe Égypte | Libye | Tunisie | Yémen
64%
faisant au moins 20 lettres de long États Fédérés de Micronésie | Papouasie-Nouvelle-Guinée | République centrafricaine | République démocratique du Congo | République dominicaine | Saint-Christophe-et-Niévès | Saint-Vincent-et-les-Grenadines
64%
ayant une capitale commençant par J Indonésie | Israël
64%
pour qui la yourte est inscrite au patrimoine culturel immatériel de l'UNESCO Kazakhstan | Kirghizistan | Mongolie | Ouzbékistan
64%
ayant le persan ou l'un de ses dérivés comme langue officielle Afghanistan | Iran | Tadjikistan
63%
dans lequel sont nés plus de 500 000 résidents français (hormis la France) Algérie | Maroc | Portugal
63%
sans aéroport Andorre | Liechtenstein | Monaco | Saint-Marin | Vatican
63%
pour qui le tango est inscrit au patrimoine culturel immatériel de l'UNESCO Argentine | Uruguay
63%
frontalier du Rwanda Burundi | Ouganda | République démocratique du Congo | Tanzanie
63%
balte Estonie | Lettonie | Lituanie
63%
ayant une capitale nommée en l'honneur d'un président états-unien États-Unis | Liberia
63%
dont le nom de son point culminant contient une couleur France | Gambie | Italie | Maurice
63%
ayant du territoire sur l'île de Saint-Martin France | Pays-Bas
63%
ayant l'albanais comme langue officielle (hors Albanie) Kosovo | Macédoine du Nord
63%
où plus de 80% de la population est catholique Andorre | Croatie | Paraguay | Portugal | Vatican
62%
bordant la mer Rouge Arabie Saoudite | Djibouti | Égypte | Érythrée | Israël | Jordanie | Soudan | Yémen
62%
dont le drapeau n'est que vert et blanc Arabie saoudite | Nigeria | Pakistan
62%
dont le drapeau n'est que bleu, jaune et rouge Arménie | Mongolie | République démocratique du Congo | Roumanie | Tchad | Venezuela
62%
bordant la mer de Corail Australie | Îles Salomon | Papouasie-Nouvelle-Guinée | Vanuatu
62%
dont la capitale est traversée par le Danube Autriche | Hongrie | Serbie | Slovaquie
62%
avec plus de 50 000km de côtes Canada | Danemark | Indonésie | Norvège
62%
avec un taux de mortalité infantile inférieur à 2.5/1000 Estonie | Finlande | Islande | Japon | Monténégro | Norvège | Saint-Marin | Singapour | Slovénie
62%
avec une capitale commençant par "Saint" dans n'importe quelle langue Antigua-et-Barbuda | Costa Rica | Chili | Grenade | République dominicaine | Saint-Marin | Salvador | Sao Tomé-et-Principe
61%
d'un vainqueur de Tour de France qui n'est pas européen Australie | Colombie | États-Unis
61%
dont au moins une partie du territoire fait partie de l'Empire colonial belge en 1930 Burundi | Chine | Maroc | République démocratique du Congo | Rwanda
61%
bordant le lac Supérieur Canada | États-Unis
61%
avec plus de 80% de bleu sur son drapeau États fédérés de Micronésie | Kazakhstan | Kosovo | Nauru | Nouvelle-Zélande | Palaos | Sainte-Lucie | Somalie
61%
bordant la mer d'Arabie Inde | Iran | Oman | Pakistan | Somalie | Yémen
61%
avec du territoire dans le massif de l'Oural Kazakhstan | Russie
61%
qui importe le plus depuis l'Espagne (en 2021) Andorre | Guinée équatoriale | Maroc | Mauritanie | Portugal
60%
bordant la mer de Timor Australie | Indonésie | Timor oriental
60%
avec le nom d'un autre pays dans son nom (sans discontinuité) Biélorussie | Guinée-Bissau | Guinée équatoriale | Nigeria | Palaos | Papouasie-Nouvelle-Guinée | Somalie | Soudan du Sud
60%
de langue slave méridionale Bosnie-Herzégovine | Bulgarie | Croatie | Macédoine du Nord | Monténégro | Serbie | Slovénie
60%
ayant une langue officielle nommée "créole ..." Haïti | Maurice | Seychelles
60%
ayant accueilli les Jeux Olympiques d'hiver mais pas ceux d'été Autriche | Bosnie-Herzégovine | Norvège | Suisse
59%
ayant un tigre pour animal national Bangladesh | Corée du Sud | Inde | Malaisie | Viêt Nam
59%
ayant le néerlandais comme langue officielle (hors Pays-Bas) Belgique | Suriname
59%
dont le drapeau n'est que rouge et jaune Chine | Kirghizistan | Macédoine du Nord | Viêt Nam
59%
dont la forme est représentée sur son drapeau Chypre | Kosovo
59%
dont Simón Bolívar a été le président (hors Bolivie) Colombie | Pérou | Venezuela
59%
finissant par R Équateur | Madagascar | Niger | Qatar | Salvador | Singapour
59%
avec du territoire dans le massif de l'Atlas Algérie | Maroc | Tunisie
58%
où l'on peut trouver au moins 5 espèces de manchot Argentine | Australie | Chili | France | Nouvelle-Zélande | Royaume-Uni
58%
ayant plus de moutons que d'habitants Australie | Libye | Mauritanie | Mongolie | Nouvelle-Zélande | Soudan du Sud | Tchad | Turkménistan | Uruguay
58%
où plus de 80% de la population est bouddhiste Birmanie | Cambodge | Laos | Thaïlande
58%
n'ayant pas adopté le Système international d'unités Birmanie | États-Unis | Liberia
58%
ayant le malais comme langue officielle (hors Malaisie) Brunei | Indonésie | Singapour
58%
avec la moitié de ses lettres étant la même Canada | Kosovo | Panama | Suisse | Togo
58%
où se déroule l'une des pièces de Shakespeare (hors Royaume-Uni) Chypre | Danemark | Italie
58%
finissant par K Danemark | Irak
58%
n'ayant que des O comme voyelle Kosovo | Togo
58%
qui est l'un des cinq pays les moins trouvés du quiz "Pays du Monde" Saint-Christophe-et-Niévès | Kiribati | Nauru | Palaos | Timor oriental
58%
qui a ou a eu pour monnaie le mark Allemagne | Bosnie-Herzégovine | Estonie | Finlande
57%
avec un double L dans son nom Allemagne | Îles Marshall | Nouvelle-Zélande | Papouasie-Nouvelle-Guinée | Seychelles
57%
sans serpent présent naturellement Cap-Vert | Îles Marshall | Irlande | Islande | Kiribati | Nauru | Nouvelle-Zélande | Tuvalu | Vatican
57%
composé d'une seule syllabe Chine | Chypre | France | Grèce | Inde | Laos | Malte | Suède | Tchad
57%
présent dans le nom d'un autre pays (sans discontinuité) Guinée | Laos | Mali | Niger | Russie | Soudan
57%
où Napoléon Ier a été exilé Italie | Royaume-Uni
57%
membre du Conseil de l'Europe sans être en Europe Arménie | Azerbaïdjan | Chypre | Géorgie | Turquie
56%
avec une densité de population inférieure à 4 hab/km² Australie | Islande | Mongolie | Namibie | Suriname
56%
atteint par Christophe Colomb lors de son 1er voyage outre-atlantique Bahamas | Cuba | Haïti | République dominicaine
56%
avec une densité de population supérieure à 2000 hab/km² Bahreïn | Monaco | Singapour
56%
d'Asie ne reconnaissant pas la Palestine (hors Israël) Birmanie | Corée du Sud | Japon | Singapour | Taïwan
56%
ayant pour emblème végétal la tulipe Hongrie | Iran | Pays-Bas | Turquie
56%
membre de l'OPEP Algérie | Arabie saoudite | Émirats arabes unis | Gabon | Guinée équatoriale | Irak | Iran | Koweït | Libye | Nigeria | République du Congo | Venezuela
55%
où se déroule l'action dans Candide de Voltaire (hors France) Allemagne | Argentine | Colombie | Espagne | Italie | Paraguay | Pays-Bas | Portugal | Royaume-Uni | Suriname | Turquie
55%
dans les Petites Antilles Antigua-et-Barbuda | Barbade | Dominique | Grenade | Saint-Christophe-et-Niévès | Sainte-Lucie | Saint-Vincent-et-les-Grenadines | Trinité-et-Tobago
55%
de moins de 20 millions d'habitants et 1re en médailles d'une discipline des JO d'hiver Autriche | Norvège | Pays-Bas
55%
dont la capitale se trouve à moins de 10km d'une autre capitale Italie | République démocratique du Congo | République du Congo | Vatican
55%
où Vasco de Gama a fait escale lors de son premier voyage Afrique du Sud | Cap-Vert | Espagne | Inde | Kenya | Mozambique | Tanzanie
54%
bordant la mer Adriatique Albanie | Bosnie-Herzégovine | Croatie | Italie | Monténégro | Slovénie
54%
ayant un lion pour animal national Belgique | Bulgarie | Cameroun | Éthiopie | Iran | Luxembourg | Macédoine du Nord | Maroc | Monténégro | Pays-Bas | République du Congo | République tchèque | Sénégal | Singapour | Togo
54%
avec une capitale commençant par "Port" Bénin | Haïti | Maurice | Papouasie-Nouvelle-Guinée | Trinité-et-Tobago | Vanuatu
54%
dont une partie du territoire a appartenu à l'Empire khmer Birmanie | Cambodge | Chine | Laos | Thaïlande | Viêt Nam
54%
bordant le lac Titicaca Bolivie | Pérou
54%
ayant au moins 3 prix Nobel pour 1 million d'habitants Luxembourg | Sainte-Lucie | Suède | Suisse
54%
traversé par le tropique du Capricorne Afrique du Sud | Argentine | Australie | Botswana | Brésil | Chili | Madagascar | Mozambique | Namibie | Paraguay
53%
revendiquant les îles Falkland/Malouines Argentine | Royaume-Uni
53%
ayant pour emblème national le Sol de Mayo Argentine | Uruguay
53%
ayant un gentilé terminant par -ois Bénin | Chine | Danemark | Finlande | Hongrie | Liechtenstein | Luxembourg | Palaos | Seychelles | Suède
53%
ayant un éléphant pour animal national Birmanie | Côte d'Ivoire | Guinée | Laos | Mozambique | Thaïlande
53%
avec du territoire dans le massif des Rocheuses Canada | États-Unis
53%
où il a déjà fait au moins 55°C États-Unis | Tunisie
53%
où est né un président français (hors France) Allemagne | Belgique
52%
ayant rejoint l'Union européenne en 2004 Chypre | Estonie | Hongrie | Lettonie | Lituanie | Malte | Pologne | République tchèque | Slovaquie | Slovénie
52%
ayant comme sport le plus populaire le baseball Corée du Sud | Cuba | Japon | Nicaragua | Palaos | Panama | République dominicaine | Taïwan | Venezuela
52%
africain indépendant en 1900 Éthiopie | Liberia | Maroc
52%
n'ayant pas été contrôlé par des étrangers depuis au moins 500 ans Royaume-Uni | Russie | Saint-Marin | Suède | Turquie
52%
pour lequel Dua Lipa possède la nationalité Albanie | Kosovo | Royaume-Uni
51%
consommant plus de 12l d'alcool par habitant annuellement Allemagne | Géorgie | Lettonie | Ouganda | République tchèque | Roumanie
51%
cité dans le nom d'une station de métro parisienne Argentine | France | Italie
51%
avec un taux de divorce annuel de plus de 3/1000 Biélorussie | États-Unis | Lettonie | Lituanie | Moldavie | Russie
51%
avec moins de 0,1% de ses terres cultivées Djibouti | Islande | Monaco | Nauru | Vatican
51%
en Océanie et dont une partie du territoire était contrôlé par le Japon durant la 2nde Guerre mondiale États fédérés de Micronésie | Îles Marshall | Îles Salomon | Kiribati | Nauru | Palaos | Papouasie-Nouvelle-Guinée
51%
devenu indépendant après l'an 2000 Kosovo | Monténégro | Serbie | Soudan du Sud | Timor oriental
51%
avec du territoire sous la latitude 55°S Argentine | Chili | Royaume-Uni
50%
bordant la mer Caspienne Azerbaïdjan | Iran | Kazakhstan | Russie | Turkménistan
50%
de langue slave orientale Biélorussie | Russie | Ukraine
50%
avec du territoire dans le désert de Gobi Chine | Mongolie
50%
membre de la Commission de l'océan Indien Comores | France | Madagascar | Maurice | Seychelles
50%
ayant comme sport le plus populaire l'athlétisme États fédérés de Micronésie | Jamaïque
50%
avec un taux de mortalité infantile supérieur à 10% Nigeria | République centrafricaine | Sierra Leone | Somalie | Tchad
50%
en un seul mot de 11 lettres Afghanistan | Azerbaïdjan | Biélorussie | Ouzbékistan | Philippines | Tadjikistan
49%
où le PIB/habitant est au moins 15 fois plus élevé que dans un pays voisin Arabie saoudite | Corée du Sud | Israël | Oman | Russie
49%
majoritairement dans le Caucase Arménie | Azerbaïdjan | Géorgie
49%
avec du territoire dans la chaîne des Appalaches Canada | États-Unis | France
49%
de Micronésie (hors États fédérés de Micronésie) Îles Marshall | Kiribati | Nauru | Palaos
49%
traversé par l'Euphrate Irak | Syrie | Turquie
49%
de langue slave occidentale Pologne | République tchèque | Slovaquie
49%
ayant un dromadaire pour animal national Arabie saoudite | Erythrée | Koweït | Tunisie
48%
non-enclavé mais avec moins de 50km de côtes Bosnie-Herzégovine | Jordanie | Monaco | Nauru | République démocratique du Congo | Slovénie | Tuvalu
48%
avec un IDH supérieur à 0,960 Danemark | Islande | Norvège | Suisse
48%
côtier du détroit de Béring États-Unis | Russie
48%
ayant du territoire sur l'île de Nouvelle-Guinée Indonésie | Papouasie-Nouvelle-Guinée
48%
bordant la mer Morte Israël | Jordanie
48%
avec une espérance de vie inférieure à 60 ans Lesotho | Nigeria | République centrafricaine | Somalie | Soudan du Sud | Tchad
48%
avec un X dans son nom Mexique | Luxembourg
48%
traversé par le Dniepr Biélorussie | Russie | Ukraine
47%
ayant du territoire sur l'île de Bornéo Brunei | Malaisie | Indonésie
47%
ayant plus de 20 suicides pour 100 000 habitants par an Corée du Sud | Eswatini | Guyana | Lesotho | Lituanie | Russie | Suriname | Ukraine | Uruguay
47%
en un seul mot de 10 lettres Bangladesh | Kazakhstan | Luxembourg | Madagascar | Mauritanie | Monténégro | Mozambique | Seychelles
46%
avec plus de 30 000 îles Canada | Finlande | Norvège | Suède
46%
bordant la mer Jaune Chine | Corée du Nord | Corée du Sud
46%
ayant rejoint l'Union européenne en 1973 Danemark | Irlande | Royaume-Uni
46%
ayant rejoint l'Union européenne en 1986 Espagne | Portugal
46%
avec plus d'1,5 millions de réfugiés (hors demandeurs d'asile) Allemagne | Iran | Ouganda | Pakistan | Turquie
45%
dont le drapeau n'est que vert et rouge Bangladesh | Maroc
45%
avec plus de 20 séismes de magnitude 7.5 ou plus depuis 1900 Indonésie | Chili
45%
qui a ou a eu pour monnaie la lire Italie | Malte | Saint-Marin | Turquie | Vatican
45%
bordant le lac Victoria Kenya | Ouganda | Tanzanie
45%
de Polynésie Kiribati | Nouvelle-Zélande | Samoa | Tonga | Tuvalu
45%
pour qui la transhumance est inscrite au patrimoine culturel immatériel de l'UNESCO Albanie | Andorre | Autriche | Croatie | Espagne | France | Grèce | Italie | Luxembourg | Roumanie | Suisse
44%
avec un âge médian inférieur à 17 ans Angola | Mali | Niger | Ouganda | République démocratique du Congo | Tchad
44%
ayant du territoire sur la Grande île de la Terre de Feu Argentine | Chili
44%
où plus de 80% de la population est orthodoxe Arménie | Géorgie | Grèce
44%
avec pile 2 agglomérations de plus de 10 millions d'habitants Brésil | États-Unis | Pakistan
44%
n'ayant que des I comme voyelle Chili | Fidji
44%
avec un passeport permettant de voyager dans au moins 174 pays sans visa Émirats arabes unis | Espagne | Malaisie | Singapour
44%
ayant une antilope pour animal national Afrique du Sud | Angola | Bahreïn | Émirats arabes unis | Eswatini | Israël | Jordanie | Niger | Ouganda | Qatar | Zimbabwe
43%
ayant un volcan de plus de 5500m d'altitude Argentine | Bolivie | Chili | Équateur | Iran | Mexique | Pérou | Russie | Tanzanie
43%
possédant une ville de plus d'un million d'habitants nommée Hyderabad Inde | Pakistan
43%
ayant rejoint l'Union européenne en 2007 Bulgarie | Roumanie
42%
avec pile 2 agglomérations de plus de 5 millions d'habitants Afrique du Sud | Australie | Bangladesh | Égypte | Nigeria | Royaume-Uni | Russie | Turquie | Viêt Nam
41%
avec des trémas dans son écriture la plus courante Azerbaïdjan | Bahreïn | Haïti | Israël | Jamaïque | Koweït | Taïwan
41%
commençant par la même lettre que sa capitale tout en ayant un nom complètement distinct Barbade | Belgique | Belize | Brunei | Guyana | Maldives | Mozambique | Niger | Papouasie-Nouvelle-Guinée | Sri Lanka | Suède | Taïwan
41%
ayant une capitale commençant par G Botswana | Burundi | Guatemala | Guyana
41%
dont le nom correspond à quelque chose de comestible Chili | Grenade | Macédoine du Nord | Monaco | Suisse
41%
non-membre de la FIFA États fédérés de Micronésie | Îles Marshall | Kiribati | Monaco | Nauru | Palaos | Royaume-Uni | Vatican
41%
ayant le swahili comme langue officielle Kenya | Ouganda | Rwanda | Tanzanie
41%
non membre de l'ONU mais reconnu par JetPunk Kosovo | Taïwan | Vatican
41%
ayant rejoint l'Union européenne en 1995 Autriche | Finlande | Suède
40%
habité depuis moins de 2000 ans Cap-Vert | Comores | Islande | Maurice | Nouvelle-Zélande | Sao Tomé-et-Principe | Seychelles
40%
traversé par le fleuve Amour Chine | Russie
40%
étant une ancienne colonie ayant pris son indépendance des Pays-Bas Indonésie | Suriname
40%
avec plus de 10 langues officielles Afrique du Sud | Bolivie | Mali | Zimbabwe
39%
ayant inspiré le nom d'un élément chimique Allemagne | Chypre | France | Inde | Japon | Pologne | Russie
39%
étant une monarchie absolue ou ce qui s'en approche Arabie saoudite | Brunei | Eswatini | Oman | Qatar | Vatican
39%
ayant un pygargue pour animal national Brunei | États-Unis | Pologne | Soudan du Sud
39%
avec un taux de fécondité inférieur à 1 enfant par femme Corée du Sud | Singapour | Taïwan
39%
belligérant lors de la guerre des Six Jours Égypte | Irak | Israël | Jordanie | Liban | Syrie
39%
reconnaissant officiellement le Sahara occidental comme appartenant au Maroc (hors Maroc) États-Unis | Israël
39%
en un seul mot de 12 lettres Kirghizistan | Turkménistan
39%
avec un IDH inférieur à 0,420 Mali | Niger | République centrafricaine | Somalie | Soudan du Sud | Tchad
39%
finissant par Y Paraguay | Uruguay
39%
qui importe le plus depuis la Russie (en 2021) Arménie | Azerbaïdjan | Biélorussie | Estonie | Kazakhstan | Kirghizistan | Moldavie | Ouzbékistan | Tadjikistan
38%
où les femmes ont le droit de vote en 1910 Australie | Finlande | Nouvelle-Zélande
38%
avec du territoire dans le massif des Carpates Autriche | Hongrie | Pologne | République tchèque | Roumanie | Serbie | Slovaquie | Ukraine
38%
membre de l'Organisation des États turciques (hors Turquie) Azerbaïdjan | Kazakhstan | Kirghizistan | Ouzbékistan
38%
traversé par le Brahmapoutre Bangladesh | Chine | Inde
38%
ayant au moins 7 étoiles sur son drapeau (hors États-Unis) Bosnie-Herzégovine | Brésil | Cap-Vert | Dominique | Grenade | Ouzbékistan | Tuvalu | Venezuela
38%
ayant une température moyenne supérieure à 28,5°C Burkina Faso | Mali | Mauritanie | Sénégal
38%
avec une capitale ne faisant pas partie des 10 villes les plus peuplées de son pays États-Unis | Guinée équatoriale | Inde | Malte
38%
qui est le nom d'un autre pays à une lettre près Gambie | Irak | Iran | Irlande | Islande | Zambie
38%
avec plus de la moitié de ses terres cultivées Bangladesh | Burundi | Comores | Danemark | États fédérés de Micronésie | Hongrie | Îles Marshall | Inde | Kiribati | Moldavie | Rwanda | Tuvalu | Ukraine
37%
dans les BRICS+ mais ne représentant pas une lettre de l'acronyme Égypte | Émirats arabes unis | Éthiopie | Indonésie | Iran
37%
côtier du détroit de Malacca Indonésie | Malaisie | Thaïlande
37%
ayant plus de la moitié de sa population d'obèse Nauru | Samoa | Tonga | Tuvalu
37%
bordant le lac de Constance Allemagne | Autriche | Suisse
36%
qui importe le plus depuis l'Afrique du Sud (en 2021) Botswana | Eswatini | Lesotho | Malawi | Mozambique | Namibie | Zambie | Zimbabwe
36%
sur l'île d'Hispaniola Haïti | République dominicaine
36%
avec plus de 500 langues parlées Indonésie | Nigeria | Papouasie-Nouvelle-Guinée
36%
ayant perdu plus de 6 mois d'espérance de vie depuis 2019 Israël | Libye | Qatar | Soudan du Sud | Thaïlande | Turquie | Ukraine
36%
reconnaissant l'Abkhazie et l'Ossétie du Sud-Alanie Nicaragua | Nauru | Russie | Syrie | Venezuela
36%
qui importe le plus depuis l'Italie (en 2021) Albanie | Bosnie-Herzégovine | Malte | Saint-Marin | Tunisie | Vatican
35%
ayant un condor pour animal national Bolivie | Colombie | Équateur
35%
ayant une capitale commençant par Y Cameroun | Côte d'Ivoire | Nauru
35%
membre de l'Union européenne sans faire partie de l'espace Schengen Chypre | Irlande
35%
ayant un gentilé terminant par -ote Chypre | Qatar
35%
produisant plus de 500 000 tonnes de cacao annuellement Côte d'Ivoire | Ghana | Indonésie
35%
bordant le lac Majeur Italie | Suisse
35%
avec un croissant de lune jaune sur son drapeau Malaisie | Mauritanie | Moldavie | Mongolie
35%
étant le nom d'un territoire du jeu Risk Afghanistan | Afrique du Sud | Argentine | Brésil | Chine | Égypte | Inde | Indonésie | Islande | Japon | Madagascar | Mongolie | Pérou | Ukraine | Venezuela
34%
avec un oiseau sur son drapeau mais qui n'est pas un aigle Dominique | Équateur | Fidji | Guatemala | Kiribati | Ouganda | Papouasie-Nouvelle-Guinée
33%
ayant un cheval pour animal national Arabie saoudite | Azerbaïdjan | Burkina Faso | Corée du Nord | Mongolie | Norvège | Ouzbékistan | Saint-Marin | Slovénie
32%
doublement enclavé Liechtenstein | Ouzbékistan
32%
finissant par D Afrique du Sud | Corée du Nord | Corée du Sud | Macédoine du Nord | Soudan du Sud | Tchad
31%
ayant le rial pour monnaie Arabie saoudite | Iran | Oman | Qatar | Yémen
31%
non reconnu par la France Corée du Nord | Taïwan
31%
avec un PIB (PPA) inférieur à 500 millions de dollars États fédérés de Micronésie | Îles Marshall | Nauru | Palaos | Tuvalu
31%
valant 40 points ou plus au Scrabble Kazakhstan | République centrafricaine | République démocratique du Congo | République tchèque
31%
ayant comme sport le plus populaire le basket-ball Chine | Estonie | Lituanie | Philippines | Seychelles
30%
dont le point le plus au nord se trouve au sud du Tropique du Capricorne Eswatini | Lesotho | Uruguay
30%
traversé par le 180e méridien ou antiméridien Fidji | Russie
30%
où la devise officielle est en français alors que le pays n'est pas francophone Pays-Bas | Royaume-Uni
30%
du Baloutchistan Afghanistan | Iran | Pakistan
29%
où il y a au moins 4 meurtres par an pour 10 000 habitants Afrique du Sud | Équateur | Haïti | Jamaïque | Saint-Christophe-et-Niévès | Saint-Vincent-et-les-Grenadines | Trinité-et-Tobago
29%
ayant le droit de frapper des pièces en euros sans faire partie de l'Union européenne Andorre | Monaco | Saint-Marin | Vatican
29%
avec moins de 90 hommes pour 100 femmes Arménie | Biélorussie | Géorgie | Lettonie | Lituanie | Portugal | Russie | Ukraine | Zimbabwe
29%
devenu indépendant en 1948 Birmanie | Corée du Nord | Corée du Sud | Israël | Sri Lanka
29%
avec un PIB/habitant inférieur à 1500 $ Burundi | Corée du Nord | Erythrée | République centrafricaine | Soudan du Sud
29%
avec du territoire dans le massif des Alpes dinariques Albanie | Bosnie-Herzégovine | Croatie | Kosovo | Monténégro | Serbie | Slovénie
28%
bordant le lac Tanganyika Burundi | République démocratique du Congo | Tanzanie | Zambie
28%
avec une altitude maximale inférieure à 50m Îles Marshall | Maldives | Tuvalu
28%
nommé Rhodésie avant son indépendance Zambie | Zimbabwe
28%
produisant plus de 20 tonnes de CO2 par habitant annuellement Bahreïn | Brunei | Koweït | Palaos | Qatar
27%
bordant la mer d'Aral Kazakhstan | Ouzbékistan
27%
où se trouve le désert du Kalahari Afrique du Sud | Botswana | Namibie
26%
avec un double R dans son nom Andorre | Sierra Leone
26%
avec au moins un humain (partiellement ou non) représenté sur son drapeau Belize | Brunei | Malte
26%
finissant par T Cap-Vert | Koweït
26%
de moins de 20 millions d'habitants et 1re en médailles d'une discipline des JO d'été Cuba | Danemark | Hongrie | Nouvelle-Zélande | Pays-Bas | Slovénie
26%
pour qui la rumba est inscrite au patrimoine culturel immatériel de l'UNESCO Cuba | République démocratique du Congo | République du Congo
25%
qui importe le plus depuis la Turquie (en 2021) Géorgie | Kosovo | Libye | Syrie
25%
ayant plus de 10 ans d'écart entre l'espérance de vie féminine et masculine Russie | Ukraine
25%
ayant plus de 15% de sa population adulte étant ou ayant été touchée par le SIDA/VIH Afrique du Sud | Botswana | Eswatini | Lesotho
24%
ayant plus de 80% de son territoire couvert par des forêts États fédérés de Micronésie | Gabon | Palaos | Seychelles | Suriname | Tuvalu
24%
dont le drapeau n'est que bleu, jaune et vert Gabon | Rwanda | Saint-Vincent-et-les-Grenadines
24%
reconnaissant le Somaliland Israël | Taïwan
24%
ayant un loup pour animal national Arabie saoudite | Estonie | Italie | Portugal | Serbie | Turquie
23%
dont l'un des gentilés s'écrit comme le nom du pays Argentine | Eswatini | Philippines | Suisse
23%
surnommé "la Suisse de [région du monde]" Costa Rica | Liban | Sénégal | Singapour | Togo | Uruguay
23%
ayant été membre du Commonwealth mais ne l'étant plus Irlande | Zimbabwe
23%
utilisant l'euro comme monnaie sans accord de l'Union européenne Kosovo | Monténégro
23%
ayant pour devise officielle L'union fait la force Belgique | Bulgarie
22%
de Mélanésie Fidji | Îles Salomon | Papouasie-Nouvelle-Guinée | Vanuatu
22%
qui importe le plus depuis l'Australie (en 2021) Îles Salomon | Nauru | Papouasie-Nouvelle-Guinée | Tuvalu | Vanuatu
22%
ayant plus de chèvres que d'habitants Mali | Mauritanie | Mongolie | Soudan du Sud | Tchad
22%
moins trouvé que sa capitale sur les quiz des pays et capitales JetPunk Allemagne | Andorre | Autriche | Bangladesh | Bosnie-Herzégovine | Bulgarie | Djibouti | Hongrie | Koweït | Luxembourg | Malte | Monaco | République tchèque | Saint-Marin | Saint-Vincent-et-les-Grenadines | Sao Tomé-et-Principe | Singapour | Vatican
21%
avec un accent circonflexe dans son écriture la plus courante Côte d'Ivoire | Îles Marshall | Îles Salomon | Viêt Nam
21%
à avoir eu une femme élue/désignée démocratiquement cheffe du gouvernement avant 1970 Inde | Israël | Sri Lanka
21%
bordant la mer d'Andaman Birmanie | Inde | Indonésie | Malaisie | Thaïlande
20%
ayant pour élévation la plus basse 150 mètres ou plus sous le niveau de la mer Chine | Djibouti | Israël | Jordanie
20%
au moins 2,5 fois plus large que haut Gambie | Jamaïque | Turquie
20%
ayant perdu plus de 10% de sa population durant la Première Guerre mondiale Kosovo | Macédoine du Nord | Serbie | Turquie
20%
qui importe le plus depuis la France (en 2021) Djibouti | Gabon | Monaco | Niger | Sénégal
19%
pour qui la production de soie est inscrite au patrimoine culturel immatériel de l'UNESCO Afghanistan | Azerbaïdjan | Iran | Ouzbékistan | Tadjikistan | Turkménistan | Turquie
18%
ayant un gentilé terminant par -yen Antigua-et-Barbuda | Libye | Nicaragua | Paraguay | Uruguay
18%
ayant un gentilé terminant par -i Bahreïn | Émirats arabes unis | Eswatini | Oman | Qatar
18%
qui importe le plus depuis les Émirats arabes unis (en 2021) Comores | Oman | Seychelles | Yemen
18%
ayant un gentilé terminant par -ite Malawi | Yémen
18%
ayant une capitale commençant par F Sierra Leone | Tuvalu
18%
ayant vécu une "révolution de couleur" Arménie | Biélorussie | Géorgie | Kirghizistan | Liban | Serbie | Ukraine
17%
avec un taux de mortalité supérieur à 1,3% Bulgarie | Estonie | Lettonie | Lituanie | Roumanie | Russie | Serbie | Ukraine
17%
qui importe le plus depuis le Portugal (en 2021) Guinée-Bissau | Cap-Vert | Sao Tomé-et-Principe
17%
au moins 3 fois plus trouvé que sa capitale sur les quiz des pays et capitales JetPunk Birmanie | Guinée | Lesotho | Mauritanie | Niger | Nigeria | Papouasie-Nouvelle-Guinée | Somalie | Soudan | Soudan du Sud | Sri Lanka | Tanzanie | Tchad | Turkménistan | Zambie | Zimbabwe
16%
bordant la mer des Laquedives Inde | Maldives | Sri Lanka
16%
qui importe le plus depuis l'Inde (en 2021) Bénin | Bhoutan | Maurice | Népal
15%
traversé par le Limpopo Afrique du Sud | Botswana | Mozambique | Zimbabwe
14%
traversé par le fleuve Orange Afrique du Sud | Lesotho | Namibie
14%
ayant le shilling pour monnaie Kenya | Ouganda | Somalie | Tanzanie
14%
ayant un léopard pour animal national Afghanistan | Bénin | Gabon | Iran | Kazakhstan | Rwanda | Somalie | Yémen
13%
ayant perdu au moins 1/4 de ses forêts depuis 1990 Antigua-et-Barbuda | Bénin | Birmanie | Cambodge | Comores | Gambie | Guatemala | Guinée | Madagascar | Malawi | Mali | Niger | Paraguay | Tanzanie | Tchad
13%
avec plus de 20% de sa population au chômage Afrique du Sud | Botswana | Cameroun | Djibouti | Eswatini | Gabon | Soudan | Soudan du Sud
12%
où se trouve une partie de la Bactriane Afghanistan | Ouzbékistan | Pakistan | Tadjikistan
11%
étant le seul à terminer par sa dernière lettre Bangladesh | Luxembourg | Maroc | Viêt Nam
10%
reconnaissant Taïwan et ne reconnaissant pas la Chine Belize | Eswatini | Guatemala | Haïti | Îles Marshall | Nauru | Palaos | Paraguay | Saint-Christophe-et-Niévès | Sainte-Lucie | Saint-Vincent-et-les-Grenadines | Tuvalu | Vatican
10%
dont le drapeau n'est que blanc, bleu et jaune Bosnie-Herzégovine | Kosovo | Nauru
9%
n'ayant pas de fête nationale Danemark | Royaume-Uni
9%
avec plus de 150 hommes pour 100 femmes Bahreïn | Émirats arabes unis | Koweït | Oman | Qatar
8%
Aucun quiz correspondant
Distribution des résultats
% des personnes avec chaque résultat
Percentile par nombre de réponses
Votre historique - résultats
Vous n’avez pas pris ce quiz